| 000 | 00633nam a22002057a 4500 | ||
|---|---|---|---|
| 999 |
_c14696 _d14696 |
||
| 003 | AR-CdUCM | ||
| 008 | 190424b ||||| |||| 00| 0 spa d | ||
| 040 |
_aMUNICIPALIDAD PROVINCIAL DEL CUSCO _cBIBLIOTECA MUNICIPAL DEL CUSCO |
||
| 082 |
_aPI / 803.08 / _bL62 |
||
| 110 |
_aOrigo _933558 |
||
| 245 | _aLa liebre y la tortuga la revancha / | ||
| 260 |
_bOrigo, _bViva leer, |
||
| 300 |
_bIlustraciones, graficos, dibujos _c20 cm. |
||
| 500 | _aLibro de lectura para niƱos | ||
| 650 |
_aLectura _92069 |
||
| 650 |
_aHistoria _9136 |
||
| 700 |
_aBahamondes, Alejandro _933559 |
||
| 942 |
_2ddc _cLIBROS |
||
| 945 |
_apjha _d2019-04-24 |
||